Score 0/35 Timer 09:00
0 Plays Today
Distance (miles) Capital city % Correct
< 1Vatican City, Vatican City
88%
< 1Monaco, Monaco
80%
2San Marino, San Marino
78.8%
7Luxembourg, Luxembourg
74.2%
< 1Vaduz, Liechtenstein
63.9%
3Andorra la Vella, Andorra
61.5%
10Singapore, Singapore
60.5%
< 1Jerusalem, Israel
56.6%
1Rome, Italy
54.9%
13Copenhagen, Denmark
49.8%
2Bratislava, Slovakia
46.2%
4Kinshasa, DRC
42%
2Brazzaville, Rep. Congo
39.1%
14Zagreb, Croatia
35.4%
12Djibouti, Djibouti
35.2%
13Pristina, Kosovo
33.5%
< 1Maseru, Lesotho
30.7%
14Damascus, Syria
30.5%
Distance (miles) Capital city % Correct
6Ramallah, Palestine
30.2%
11Mbabane, eSwatini
30.1%
10Skopje, North Macedonia
29.8%
9Podgorica, Montenegro
28.5%
10Banjul, The Gambia
28%
2Lomé, Togo
26.8%
14Yerevan, Armenia
25.4%
6Bandar Seri Begawan, Brunei
24.3%
6Porto Novo, Benin
22.3%
11Bishkek, Kyrgyzstan
21.3%
1Vientiane, Laos
21%
9Tashkent, Uzbekistan
20.8%
3Asuncion, Paraguay
19%
< 1Bangui, Central African Republic
18.6%
15Ashgabat, Turkmenistan
15.7%
< 1N'Djamena, Chad
15%
5Gaborone, Botswana
14.8%

You're not logged in!

Compare scores with friends on all Sporcle quizzes.
OR
Log In

Sporcle TV

Today on Sporcle TV


Watch our educational content, quiz creation guides, and fun videos on Sporcle TV.

Show Comments

Extras

Top Quizzes Today


Score Distribution

Paid Content

Your Account Isn't Verified!

In order to create a playlist on Sporcle, you need to verify the email address you used during registration. Go to your Sporcle Settings to finish the process.

Report this User

Report this user for behavior that violates our Community Guidelines.

Details: